000 01524nas1a22003971 4500
001 RU\NLR\INFOCOMM17\1000358231
005 20250807185515.0
035 _a(NLR Aleph) 002497381
090 _a879
_c879
100 _a20250807 rusy50
101 0 _arus
102 _aRU
110 _aacu||||0|y0
200 1 _aБританский союзник
_eЕженедельник
_fРед.Пресс-атташе Британского посольства в СССР
210 _aКуйбышев
_cМ-во информации Великобритании
_d1942-1950
326 _aЕженедельно
702 0 _aПресс-атташе Британского посольства в СССР
_4340
712 0 1 _aВеликобритания
_bМинистерство информации
_4570
801 1 _aRU
_bInfoComm
_c20031223
801 0 _aRU
_bNLR
_gPSBO
852 _aNLR
_jП12/4
942 _cJOURNAL
945 _aРоссийская национальная библиотека
980 _aNB
980 _aBV
980 _aRUSPER